000
00297nam a22001337a 4500
003
OSt
005
20231127213756.0
008
231127b |||||||| |||| 00| 0 eng d
040
_c
CO-JMCR
082
_a
C /
_b
CALm
100
_a
Cali, Davide,
_e
autor
_9
42976
245
_a
Mi casa /
942
_2
ddc
_c
BK
999
_c
30384
_d
16768